Rural history

Detalles Bibliográficos
Autor Corporativo: Cambridge University Press
Formato: Electrónico Revista
Lenguaje:inglés
Publicado: [Cambridge, England] : Cambridge University Press
Materias:
Acceso en línea:Full text available from Research Library: 04/01/2002 to 1 year ago

MARC

LEADER 00000nas a2200000 a 4500
001 ssj0003725
003 WaSeSS
005 20200512172242.0
006 m d
007 cr n
008 030122c19909999enkfr pss 0 0eng c
010 |a  2008233978 
015 |a GBB407655  |2 bnb 
016 7 |a 2082270-4  |2 DE-600 
022 |a 1474-0656  |l 0956-7933  |y 0956-7933 
030 |a RUHIEI 
035 |a (WaSeSS)ssj0003725 
037 |b Cambridge University Press, The Edinburgh Building, Shaftesbury Road, Cambridge CB2 2RU, United Kingdom 
040 |a F#A  |b eng  |c F#A  |d OCLCQ  |d GUA  |d OCLCQ  |d OCLCF  |d OCLCO  |d OCLCQ  |d AU@  |d VT2  |d WaSeSS 
042 |a pcc 
050 1 4 |a HN8 
082 0 4 |a 307.72 
130 0 |a Rural history (Online) 
245 1 0 |a Rural history  |h [electronic resource]. 
260 |a [Cambridge, England] :  |b Cambridge University Press 
310 |a Semiannual 
362 1 |a Print began with vol. 1, no. 1 (Apr. 1990). 
506 |a License restrictions may limit access. 
538 |a Mode of access: World Wide Web. 
588 |a Description based on: Vol. 13, issue 1 (2002); title from pdf of article (Cambridge Journals, viewed May 30, 2008). 
588 |a Latest issue consulted: Vol. 19, issue 1 (Apr. 2008) (Cambridge Journals, viewed May 30, 2008). 
650 0 |a Rural conditions  |v Periodicals. 
650 0 |a Sociology, Rural  |v Periodicals. 
650 7 |a Rural conditions.  |2 fast  |0 (OCoLC)fst01101474 
650 7 |a Sociology, Rural.  |2 fast  |0 (OCoLC)fst01123947 
655 0 |a Electronic journals. 
710 2 |a Cambridge University Press. 
776 0 8 |i Print version:  |t Rural history  |x 0956-7933  |w (DLC) 90640423  |w (OCoLC)21916010 
856 4 0 |z Full text available from Research Library: 04/01/2002 to 1 year ago  |u https://search.proquest.com/publication/37266